000 00700cam a22002413a 4500
001 4302
003 PGUSA
005 20140828083051.0
008 030801s2003||||xxu|||||s|||||000 1 eng d
040 _aPGUSA
_beng
042 _adc
050 4 _aPR
100 1 _aGissing, George,
_d1857-1903
245 1 0 _aThyrza
_h[electronic resource] /
_cGeorge Gissing
260 _bProject Gutenberg,
_c2003
506 _aPublic domain in the USA.
516 _aElectronic text
653 _aEnglish fiction -- 19th century
653 _aEngland -- Social life and customs -- 19th century -- Fiction
830 0 _aProject Gutenberg
_v4302
856 4 0 _uhttp://www.gutenberg.org/ebooks/4302
942 _cEB
999 _c233631
_d233631